Popularita daňových rajov nielen u slovenských podnikateľov rastie

Dôvody popularity a rozvoja daňových rajov. Medzinárodné obchodné spoločnosti - IBC - v daňových rajoch. Dôsledky a interakcie daňových rajov s ostatným svetom. Daňové raje a Slovenská republika. Návrhy a opatrenia na boj proti daňovým rajom sú zatiaľ bezzubé.

Guardado en:
Detalles Bibliográficos
Autor principal: Vravec, Ján
Formato: Capítulo de libro
Lenguaje:eslovaco
Materias:
Etiquetas: Agregar Etiqueta
Sin Etiquetas, Sea el primero en etiquetar este registro!

MARC

LEADER 00000naa a2200000 4500
001 0175111
005 20231005092244.0
041 0 |a slo 
044 |a SK 
245 1 0 |a Popularita daňových rajov nielen u slovenských podnikateľov rastie  |c Ján Vravec 
520 |a Dôvody popularity a rozvoja daňových rajov. Medzinárodné obchodné spoločnosti - IBC - v daňových rajoch. Dôsledky a interakcie daňových rajov s ostatným svetom. Daňové raje a Slovenská republika. Návrhy a opatrenia na boj proti daňovým rajom sú zatiaľ bezzubé. 
610 2 0 |a raje daňové 
610 2 0 |a dane 
610 2 0 |a oslobodenie od daní 
610 2 0 |a spoločnosti obchodné 
610 2 0 |a offshore 
610 2 0 |a únik daňový 
610 2 0 |a podnikanie 
100 1 |a Vravec, Ján